000 01058nam a2200277 i 4500
001 12212
003 KOSZ 005
005 20200630132826.0
008 070930s1966 pl ab f 000 0 pol
015 _aPB 1966/4197
040 _aWA N
_cKOSZ 005/RW
_dKOSZ 005/RW
041 1 _apol
_hrus
080 _a577:592/599:619
100 1 _aŽadin, Vladimir Ivanovič
_d(1896-1974).
_eAutor.
245 1 0 _aMetody badań hydrobiologicznych /
_cW. I. Żadin ; [tł. i uzup. Romuald Z. Klekowski].
246 1 _iTyt. oryg.:
_aMetody gidrobiologičeskogo issledovaniâ
260 _aWarszawa :
_bPaństwowe Wydawnictwo Naukowe,
_c1966.
300 _a292, [3] s. :
_bil., mapa ;
_c23 cm.
380 _aKsiążki.
504 _aBibliogr. s. 267-[293].
650 4 _aHydrobiologia
_xmetody.
700 1 _aKlekowski, Romuald Zdzisław
_d(1924-2015).
_eTłumaczenie
710 2 _aPaństwowe Wydawnictwo Naukowe
_4pbl.
856 _uhttp://koha.tu.koszalin.pl/cgi-bin/koha/opac-detail.pl?biblionumber=12212
_yKatalog online BPK
942 _2UKD
_cKS
999 _c12212
_d12212